UM Logo

The Secondary School Curriculum : (Record no. 24312)

MARC details
000 -LEADER
fixed length control field 00855nam a22002057a 4500
003 - CONTROL NUMBER IDENTIFIER
control field OSt
005 - DATE AND TIME OF LATEST TRANSACTION
control field 20260212133915.0
008 - FIXED-LENGTH DATA ELEMENTS--GENERAL INFORMATION
fixed length control field 260212b |||||||| |||| 00| 0 eng d
040 ## - CATALOGING SOURCE
Transcribing agency 0
082 ## - DEWEY DECIMAL CLASSIFICATION NUMBER
Edition number DPer 796.07 J826 January-October 2023 v.42 n. 1-4
100 ## - MAIN ENTRY--PERSONAL NAME
Personal name Banville, Dominique.
Relator term author.
9 (RLIN) 69644
245 ## - TITLE STATEMENT
Title The Secondary School Curriculum :
Remainder of title Teachers' and Students' Perspectives /
Statement of responsibility, etc. Dominique Banville, Risto Marttinen, and Alba Rodrigues.
260 ## - PUBLICATION, DISTRIBUTION, ETC. (IMPRINT)
Place of publication, distribution, etc. US ;
Name of publisher, distributor, etc. Human Kinetics, Inc.
Date of publication, distribution, etc. January 2023.
300 ## - PHYSICAL DESCRIPTION
Extent Volume 42, pages 97-105 :
Other physical details illustration ;
Dimensions 29 cm.
500 ## - GENERAL NOTE
General note Journal of Teaching in Physical Education, vol. 42 no. 1, pages 97-105, January-October 2023.
700 ## - ADDED ENTRY--PERSONAL NAME
Personal name Banville, Dominique.
Relator term author.
Relator code Ban
9 (RLIN) 69644
700 ## - ADDED ENTRY--PERSONAL NAME
Personal name Marttinen, Risto.
Relator term author.
9 (RLIN) 59936
700 ## - ADDED ENTRY--PERSONAL NAME
Personal name Rodrigues, Alba.
Relator term author.
9 (RLIN) 69645
942 ## - ADDED ENTRY ELEMENTS (KOHA)
Source of classification or shelving scheme Dewey Decimal Classification
Koha item type Periodicals
Holdings
Withdrawn status Lost status Source of classification or shelving scheme Damaged status Not for loan Home library Current library Date acquired Total Checkouts Date last seen Price effective from Koha item type
    Dewey Decimal Classification     UM Digos College - LIC UM Digos College - LIC 02/12/2026   02/12/2026 02/12/2026 Periodicals
    Dewey Decimal Classification     UM Digos College - LIC UM Digos College - LIC 02/12/2026   02/12/2026 02/12/2026 Periodicals